Phân tích năng lực cạnh tranh của công ty cổ phần sữa Vinamilk : Luận văn Tốt nghiệp Cao học. Chuyên ngành Quản trị kinh doanh

Đề tài đánh giá thực trạng cạnh tranh của công ty trong những năm qua, phân tích các yếu tố trực tiếp ảnh hưởng đến năng lực cạnh tranh của công ty. Đề xuất một số giải pháp nâng cao năng lực cạnh tranh của công ty Vinamilk....

全面介紹

Đã lưu trong:
書目詳細資料
主要作者: Lê, Thị Thu Hà
格式: 圖書
語言:Undetermined
出版: Cần Thơ Trường Đại học Cần Thơ 2014
主題:
標簽: 添加標簽
沒有標簽, 成為第一個標記此記錄!
Thư viện lưu trữ: Trung tâm Học liệu Trường Đại học Cần Thơ
LEADER 01146nam a2200217Ia 4500
001 CTU_196233
008 210402s9999 xx 000 0 und d
082 |a 658.1511 
082 |b H100 
088 |a 60340102 
100 |a Lê, Thị Thu Hà 
245 0 |a Phân tích năng lực cạnh tranh của công ty cổ phần sữa Vinamilk : 
245 0 |b Luận văn Tốt nghiệp Cao học. Chuyên ngành Quản trị kinh doanh 
245 0 |c Lê Thị Thu Hà ; Lê Tấn Nghiêm (Cán bộ hướng dẫn) 
260 |a Cần Thơ 
260 |b Trường Đại học Cần Thơ 
260 |c 2014 
520 |a Đề tài đánh giá thực trạng cạnh tranh của công ty trong những năm qua, phân tích các yếu tố trực tiếp ảnh hưởng đến năng lực cạnh tranh của công ty. Đề xuất một số giải pháp nâng cao năng lực cạnh tranh của công ty Vinamilk. 
650 |a Hoạt động kinh doanh,Business enterprises 
910 |a Hải 
980 |a Trung tâm Học liệu Trường Đại học Cần Thơ